01881nam a22003258i 4500001001900000003000600019005001700025007000300042008004100045020001800086035002000104035002400124040003800148041000800186050002700194100003600221245005600257260004200313300002400355520085500379650006101234650003001295650002801325650002501353655003001378655003101408942000801439952009301447999001501540991027154296307026UkOxU20251013162638.0t|240311s2024 enk j 000|f eng|d a9781398530003 a()9781398530003 a(StEdALDL)1/4468945 aStDuBDSbengcStDuBDSerdadUkOxU aeng aPS3553.H3469bP47 2012 aChbosky, Stepheneauthor92613414aThe perks of being a wallflowerc/ Stephen Chbosky. aLondon :bSimon & Schuster UK,c2024. a240 pages ;c20 cm. aCharlie is a shy and introspective teenage boy, a wallflower always standing on the edge of the action. We learn about him through the letters he writes to someone of an undisclosed name, age and gender, a stylistic technique which adds to the heart-wrenching earnestness of the story. More intimate than a diary, Charlie's letters are singular and unique, hilarious and devastating. Charlie encounters many of the struggles familiar to everybody from their school days, from making friends, first crushes, experimenting with drugs and sexuality, but he must also deal with his best friend's suicide and a shocking realisation about his beloved late Aunt Helen which challenges his very grip on reality. This is a funny, touching, memorable first novel which captures with resounding accuracy the voice of a boy teetering on the brink of adulthood. 0aHigh school studentsxSocial conditions vFiction926135 0aTeenagersvFiction926136 0aLettersvFiction926122 0aDiary fiction914285 0aEpistolary fiction926137 0aYoung adult fiction922863 2lcc 00102lcc4070aTBSbTBSd2025-10-13l0oP-EN CHBpB07681r2025-10-13t1w2025-10-13y1 c5039d5039